| 000 | 01050nam a2200253Ia 4500 | ||
|---|---|---|---|
| 999 |
_c41681 _d41681 |
||
| 003 | GCL | ||
| 005 | 20240530103703.0 | ||
| 008 | 140319s1983 le 000 0 ara d | ||
| 040 |
_aGCL / _cGCL |
||
| 082 | 0 | 4 |
_a956.04/ _bأ د _221 |
| 100 | 1 | _aاسيبوزا، وليم | |
| 245 | 1 | 0 |
_aدفاع ام عدوان؟ : _bالقوانين الامريكية لضبط صادرات السلاح والاحتياج الاسرائيلى للبنان / _cوليم اسيبوزا، لس جنكه |
| 260 |
_aبيروت : _bمؤسسة الدراسات الفلسطينية ، _c1983 |
||
| 300 |
_a30 ص. ؛ _c19 سم. |
||
| 490 | 0 |
_aاوراق مؤسسة الدراسات الفلسطسينية ؛ _v22 |
|
| 650 | 0 | 7 |
_aالنزاع العربى الاسرائيلى _2qrmak |
| 650 | 0 | 7 |
_aالاسلحة _2qrmak |
| 650 | 0 | 7 |
_aالقصة الفلسطينية _2qrmak |
| 651 | 0 | 7 |
_2qrmak _aلبنان |
| 651 | 0 | 7 |
_2qrmak _aالولايات المتحدة الامريكية |
| 651 | 0 | 7 |
_2qrmak _aاسرائيل |
| 700 | 1 | _aجنكة، لس | |
| 942 |
_2ddc _cBK |
||